000
00298nam a22001097a 4500
008
230703b xxu||||| |||| 00| 0 eng d
082
_2
5
_a
342.
_b
CRO 1974
245
_a
Principles of Local Government Law
260
_a
London
_b
Sweet and Maxwell Limited
_c
1974
300
_a
LXXVI,577p
942
_2
ddc
_c
BK
999
_c
3516
_d
3516